Swédenborg / (Record no. 37808)

MARC details
000 -LEADER
campo de control de longitud fija 00488nam a2200169 i 4500
001 - NÚMERO DE CONTROL
campo de control 37808
003 - IDENTIFICADOR DE NÚMERO DE CONTROL
campo de control ES-MaACL
005 - FECHA Y HORA DE LA ÚLTIMA TRANSACCIÓN
campo de control 20230906155639.0
007 - CAMPO FIJO DE DESCRIPCIÓN FÍSICA--INFORMACIÓN GENERAL
campo de control de longitud fija t|
008 - DATOS DE LONGITUD FIJA--INFORMACIÓN GENERAL
campo de control de longitud fija 030221n18001899sz ||||1| fre d
100 1# - ENTRADA PRINCIPAL--NOMBRE DE PERSONA
Nombre de persona Byse, Charles.
9 (RLIN) 33029
245 10 - MENCIÓN DEL TÍTULO
Título Swédenborg /
Mención de responsabilidad, etc. Charles Byse.
260 ## - PUBLICACIÓN, DISTRIBUCIÓN, ETC.
Lugar de publicación, distribución, etc. Laussanne :
Nombre del editor, distribuidor, etc. Georges Bridel,
Fecha de publicación, distribución, etc. [18--?] (
Fabricante Imp. Reunies)
300 ## - DESCRIPCIÓN FÍSICA
Extensión 5 v. ;
Dimensiones 19 cm.
500 ## - NOTA GENERAL
Nota general El Vol. 1 carece de portada y de las 16 primeras hojas.
852 ## - LOCALIZACIÓN
Ubicación ES-MaACL
Número de control de estantería F-7926-30
Holdings
Estatus retirado Estado de pérdida Estado de daño No para préstamo Biblioteca de origen Biblioteca actual Ubicación en estantería Fecha de adquisición Fuente de adquisición Total de préstamos Signatura topográfica completa Código de barras Visto por última vez Precio de reemplazo Tipo de ítem Koha
        Biblioteca del Ateneo de Madrid Biblioteca del Ateneo de Madrid Sala Pecera Planta 2 17/01/2008     F-7926-30 1039808 23/02/2023 23/02/2023 Libro impreso antiguo